00623nam a2200169 a 450000500170000000800410001702000220005805000260008024500710010626000560017730000100023344000270024350000140027065000340028499900190031895201160033720140412111422.0080122s19uu xx 00 eng d a978-971-0417-34-6 aTR(GS 372.4bT21 2007 aTaz's Phonics Skills Chalenger: improve phonics & reading skills. aPhilippines :bStraight Lines International,c2007. a15.p. aJunior Academic Series aAges 6-9. aPhonics- Elementary education c106072d106072 001040aELbELcTRd2008-01-22eDonationl0oTR(GS 372.4 T21 2007pE11172r2014-04-12 00:00:00w2014-04-12yBK